000 01071cam a2200289 4500
002 7911
008 040915n2004 000 0 eng u
020 _a0750663723
035 _a(Sirsi) u127415
041 _aeng
050 _a692.1
_c18
100 _aStyles, Keith
245 _aWorking drawings handbook
250 _a4th ed.
260 _aLondon
_bArchitectural Press
_c2004
300 _av, 162p.
_bill.
_c28cm.
350 _a29.99
520 _aThis handbook provides students and architects with a fully illustrated guide to all the key methods and techniques of working drawings. Covers the information required on each type of document, how drawings relate to specifications, and how to organise and document work. Includes details of the application of the latest CAD techniques. Various appendices.
650 _aTECHNICAL DRAWINGS
650 _aARCHITECTURAL DRAWINGS
650 _aCAD
650 _aARCHITECTS
650 _aWORKING DRAWINGS
690 _aBUILT ENVIRONMENT-CONSTRUCTION DESIGN
700 _aBichard, Andrew
942 _n0
999 _c103780
_d103780